Guess the 1960s song lyrics #316 - Statistics

General Stats
  • This quiz has been taken 9 times
  • The average score is 84 of 145
Answer Stats
Answer % Correct
be
86%
I
86%
me
86%
the
86%
you
86%
And
71%
and
71%
Baby
71%
day
71%
Do
71%
every
71%
I'll
71%
I'm
71%
In
71%
in
71%
is
71%
say
71%
stars
71%
this
71%
time
71%
to
71%
your
71%
by
57%
end
57%
fall
57%
from
57%
hear
57%
here
57%
my
57%
no
57%
of
57%
out
57%
shines
57%
side
57%
sky
57%
sun
57%
until
57%
yours
57%
Yours
57%
all
43%
away
43%
can
43%
Cause
43%
die
43%
gonna
43%
keep
43%
longer
43%
Nothing
43%
other
43%
right
43%
run
43%
sea
43%
stay
43%
Till
43%
two
43%
words
43%
world
43%
you'll
43%
best
29%
drive
29%
dry
29%
eternity
29%
rivers
29%
satisfied
29%
Barbara Lewis
14%
crumbles
14%
poets
14%
rhyme
14%
three
14%
moutain
0%
No matching quizzes found
Score Distribution
Percent of People with Each Score
Percentile by Number Answered
Your Score History
You have not taken this quiz